Prefecture-level cities of Zhejiang - Statistics

General Stats
  • This quiz has been taken 24 times
  • The average score is 9 of 11
Answer Stats
Population City % Correct
5,162,093 Hangzhou
100%
2,583,073 Ningbo
100%
2,686,825 Wenzhou
100%
1,189,276 Taizhou
92%
710,597 Jinhua
85%
748,471 Huzhou
77%
293,968 Lishui
77%
422,688 Quzhou
77%
643,199 Shaoxing
77%
542,190 Zhoushan
77%
762,643 Jiaxing
62%
No matching quizzes found
Score Distribution
Percent of People with Each Score
Percentile by Number Answered
Your Score History
You have not taken this quiz